000 00321nam a22001217a 4500
082 _a297.61
_bZaid
_cMasjid
100 _aMolana Mufti Zaid
_951153
245 _aتحفۃ العلماء
260 _aKarachi
_bMuktaba Umar Farooq
_c2010
300 _a816
526 _a0
_b0
_c0
_d297_610000000000000_ZAID
942 _2ddc
_cBK
999 _c553914
_d553914